महिला रचनाकर: (Record no. 49583)
[ view plain ]
| 000 -LEADER | |
|---|---|
| fixed length control field | 00579nam a22001817a 4500 |
| 008 - FIXED-LENGTH DATA ELEMENTS--GENERAL INFORMATION | |
| fixed length control field | 230705b |||||||| |||| 00| 0 eng d |
| 020 ## - INTERNATIONAL STANDARD BOOK NUMBER | |
| International Standard Book Number | 9788191002157 |
| 040 ## - CATALOGING SOURCE | |
| Original cataloging agency | National Science Library |
| Transcribing agency | National Science Library |
| 080 ## - UNIVERSAL DECIMAL CLASSIFICATION NUMBER | |
| Universal Decimal Classification number | 82-9 ARV |
| Item number | Q11 |
| 245 ## - TITLE STATEMENT | |
| Title | महिला रचनाकर: |
| Remainder of title | अपने आईने में |
| 246 ## - VARYING FORM OF TITLE | |
| Title proper/short title | Mahila ranchnaker: |
| Remainder of title | Apne aaine mein |
| 260 ## - PUBLICATION, DISTRIBUTION, ETC. | |
| Place of publication, distribution, etc. | Kolkata: |
| Name of publisher, distributor, etc. | Bharat Vidya International, |
| Date of publication, distribution, etc. | 2011 |
| 300 ## - PHYSICAL DESCRIPTION | |
| Extent | 132p. |
| 365 ## - TRADE PRICE | |
| Price amount | 250.00 |
| Currency code | INR |
| 650 ## - SUBJECT ADDED ENTRY--TOPICAL TERM | |
| Topical term or geographic name entry element | Hindi literature |
| 700 ## - ADDED ENTRY--PERSONAL NAME | |
| Personal name | Arvind (Ed.) |
| 942 ## - ADDED ENTRY ELEMENTS (KOHA) | |
| Source of classification or shelving scheme | Universal Decimal Classification |
| Koha item type | Hindi Books |
| Withdrawn status | Lost status | Source of classification or shelving scheme | Damaged status | Not for loan | Home library | Current library | Shelving location | Date acquired | Total Checkouts | Full call number | Barcode | Date last seen | Price effective from | Koha item type |
|---|---|---|---|---|---|---|---|---|---|---|---|---|---|---|
| Universal Decimal Classification | National Science Library | National Science Library | GF/REF/Rk-2/C-9/R-4 | 12/01/2017 | 82-9 ARV Q11 | 252296 | 05/07/2023 | 12/01/2017 | Hindi Books |